| 000 | 00993nam a2200277Ia 4500 | ||
|---|---|---|---|
| 999 |
_c50822 _d50822 |
||
| 001 | 17775 | ||
| 003 | GE_BSU | ||
| 005 | 20200224114738.0 | ||
| 008 | 181216s2007fr xx |||||||||||||| ||fre|| | ||
| 020 | _a978-2011554383 | ||
| 040 | _cGE_BSU | ||
| 041 | _afre | ||
| 080 | _a811.133.1 L-58 | ||
| 245 |
_aLes 500 Exercices de Grammaire : _bNIVEAU : B2 : Avec Corriges / _cMarie-Pierre Caquineau-Gunduz ; Yvonne Delatour ; Jean-Pierre Girodon ; Dominique Jennepin ; Francoise Lesage-Langot ; Pascal Some . |
||
| 264 |
_aParis : _bHachette, _c2007. |
||
| 300 |
_a256 p; _c24 cm. |
||
| 653 | _aLes 500 Exercices de Grammaire | ||
| 653 | _aფრანგული ენა(გრამატიკა) | ||
| 700 |
_aCaquineau-Gunduz, Marie-Pierre _97370 |
||
| 700 |
_aDelatour, Yvonne _97371 |
||
| 700 |
_a Girodon, Jean-Pierre _97374 |
||
| 700 |
_aJennepin, Dominique _97375 |
||
| 700 |
_a Lesage-Langot, Francoise _97376 |
||
| 700 |
_aSome, Pascal _97377 |
||
| 942 |
_cBK _2udc |
||